000 00307nam a2200133Ia 4500
008 260604s9999 xx 000 0 und d
020 _a9789349908178
082 _a891.433 CHA
100 _aCHATURVVEDI
_935281
245 0 _aBHASHA-VIGNAN ()HINDI)
260 _bDPS
500 _aBhasha Vignan
942 _cBK
999 _c8047
_d8047